UM Logo

Standing up to sit down : (Record no. 24180)

MARC details
000 -LEADER
fixed length control field 00901nam a22002057a 4500
003 - CONTROL NUMBER IDENTIFIER
control field OSt
005 - DATE AND TIME OF LATEST TRANSACTION
control field 20251108134236.0
008 - FIXED-LENGTH DATA ELEMENTS--GENERAL INFORMATION
fixed length control field 251108b |||||||| |||| 00| 0 eng d
040 ## - CATALOGING SOURCE
Transcribing agency 0
082 ## - DEWEY DECIMAL CLASSIFICATION NUMBER
Classification number DPer 372.83044 SoI31 September 2022-April 2023 v. 35 n. 1-4
100 ## - MAIN ENTRY--PERSONAL NAME
Personal name Maloy, Robert.
Relator term author.
9 (RLIN) 69316
245 ## - TITLE STATEMENT
Title Standing up to sit down :
Remainder of title exploring civil rights transportation protest with picture books and young adult chapter books and student poetry writing /
Statement of responsibility, etc. Robert W. Maloy, Sharon A. Edwards, and Sara Shea.
260 ## - PUBLICATION, DISTRIBUTION, ETC. (IMPRINT)
Place of publication, distribution, etc. NCSS Publication ;
Date of publication, distribution, etc. March-April 2023.
300 ## - PHYSICAL DESCRIPTION
Extent Volume 35, pages 21-26 :
Other physical details illustration ;
Dimensions 28 cm.
500 ## - GENERAL NOTE
General note Social Studies and the Young Learner, vol. 35, no. 3, pages 21-26, March/April 2023.
700 ## - ADDED ENTRY--PERSONAL NAME
Personal name Maloy, Robert.
Relator term author.
9 (RLIN) 69316
710 ## - ADDED ENTRY--CORPORATE NAME
Corporate name or jurisdiction name as entry element Edwards, Sharon A.
Relator term author.
9 (RLIN) 69317
711 ## - ADDED ENTRY--MEETING NAME
Meeting name or jurisdiction name as entry element Shea, Sara.
Relator term author.
9 (RLIN) 69318
942 ## - ADDED ENTRY ELEMENTS (KOHA)
Source of classification or shelving scheme Dewey Decimal Classification
Koha item type Periodicals
Holdings
Withdrawn status Lost status Source of classification or shelving scheme Damaged status Not for loan Collection code Home library Current library Date acquired Total Checkouts Full call number Date last seen Price effective from Koha item type Public note
    Dewey Decimal Classification     Periodicals UM Digos College - LIC UM Digos College - LIC 11/08/2025   DPer 372.83044 SoI31 September 2022-April 2023 v. 35 n. 1-4 11/08/2025 11/08/2025 Periodicals Periodical Article